| 000 | 00568cam a22002171 4500 | ||
|---|---|---|---|
| 001 | ne 63000526 | ||
| 003 | DLC | ||
| 005 | 20260227111742.0 | ||
| 008 | 881022q19601963xx a 000 0 ara | ||
| 010 | _ane 63000526 | ||
| 035 | _a(OCoLC)23521675 | ||
| 040 |
_aDLC _cMiU _dDLC |
||
| 050 | 0 | 0 |
_aHM62.A7 _bK4 |
| 100 | 1 | _aKhashshāb, Aḥmad. | |
| 245 | 1 | 0 | _aMuqaddimah fī ʻilm al-ijtimāʻ. |
| 260 | _c[196-. 197-] | ||
| 300 |
_a322, [5] p. _bdiagrs. _c21 cm. |
||
| 500 | _aRomanized. | ||
| 650 | 0 | _aSociology | |
| 700 | 1 |
_aBarsūm, Karam Ḥabīb, _ejoint author. |
|
| 999 |
_c45679 _d45679 |
||